| 000 | 00347nam a2200145 i 4500 | ||
|---|---|---|---|
| 001 | bg | ||
| 100 | 1 | _aKARWAT, M. | |
| 245 | 0 |
_aCiągłość i zmiana w partii / _cM. Karwat, W. Milanowski. |
|
| 260 |
_aWarszawa, _c1985. |
||
| 700 | 1 | _aMILANOWSKI, W. | |
| 040 | _cBPK | ||
| 041 | _apol | ||
| 942 | _cKS | ||
| 008 | s pl f |000 0 pol | ||
| 999 |
_c2457 _d2457 |
||
| 856 |
_uhttp://koha.tu.koszalin.pl/cgi-bin/koha/opac-detail.pl?biblionumber=2457 _yKatalog online BPK |
||